Nuestros paisanos demócratas cristianos

Sparad:
Bibliografiska uppgifter
Huvudupphovsman: Guarello Fitz-Henry, Jorge (Författare, medförfattare)
Materialtyp: Bok
Språk:spanska
Publicerad: Valparaíso s.n 1964
Ämnen:
Taggar: Lägg till en tagg
Inga taggar, Lägg till första taggen!

MARC

LEADER 00000nam a2200000 a 4500
001 UCT8690
003 CL-VaPUC
008 970326e19640000cl |||||||||||||||||spa|d
082 0 4 |a 324.283  |b GUA  |2 21 
100 0 |a Guarello Fitz-Henry, Jorge  |e author  |9 380614 
245 1 0 |a Nuestros paisanos demócratas cristianos 
300 |a 267 p 
942 |c BK 
945 |d 19970326 00:00:00  |a paguirre 
260 |a Valparaíso  |b s.n  |c 1964 
650 0 |a Partidos políticos  |9 254999 
650 0 |a Representación política   |9 362081 
650 7 |a SISTEMAS POLITICOS  |2 CL-VaPUC  |9 380615 
650 0 |a Democracia  |9 255256 
650 0 |a Cristianismo  |9 257361 
650 7 |a FILOSOFIA POLITICA  |2 CL-VaPUC  |9 380616 
650 0 |a Ideologías  |9 255200 
583 |a last modification  |c 20171228 04:30:29  |k Rodrigo Vera 
999 |c 257176  |d 257174 
952 |0 0  |1 0  |4 0  |6 324_283000000000000_GUA_1964  |7 0  |8 A  |9 280444  |a BIBDER  |b BIBDER  |d 2019-11-19  |i 181544K  |o 324.283 GUA 1964  |p 181544K  |r 2023-01-25  |w 2019-11-19  |y BK  |k DER